| Tag |
First Indicator |
Second Indicator |
Subfields |
| LEADER |
00000cam a2200000 4500 |
| 001 |
in00000065328 |
| 005 |
20151008051826.0 |
| 008 |
751110s1943 njuabe 00000 eng |
| 010 |
|
|
|a a 43001633
|
| 035 |
|
|
|a (OCoLC)01822889
|
| 035 |
|
|
|9 AAH0212AM
|
| 040 |
|
|
|a DLC
|c JPL
|d TXA
|d UtOrBLW
|
| 049 |
|
|
|a TXAM
|c [450908]
|a TXAS [mil]
|c 2
|
| 050 |
0 |
0 |
|a U163
|b .C6
|
| 082 |
0 |
|
|a 355.415
|
| 092 |
|
|
|a 355.415
|b C686m
|
| 100 |
1 |
|
|a Colby, Elbridge,
|d 1891-1982.
|
| 245 |
1 |
0 |
|a Masters of mobile warfare /
|c by Elbridge Colby.
|
| 264 |
|
1 |
|a Princeton, N. J. :
|b Princeton university press,
|c [1943]
|
| 300 |
|
|
|a 5 preliminary leaves, 3-155 pages :
|b illustrations (maps. plans) diagram ;
|c 22 cm.
|
| 336 |
|
|
|a text
|b txt
|2 rdacontent
|
| 337 |
|
|
|a unmediated
|b n
|2 rdamedia
|
| 338 |
|
|
|a volume
|b nc
|2 rdacarrier
|
| 505 |
0 |
|
|a Introduction.--Marlborough.--Frederick.--Napoleon.--Mobility in modern war.--Acknowldgments (p. 153-155)
|
| 600 |
1 |
0 |
|a Marlborough, John Churchill,
|c Duke of,
|d 1650-1722.
|
| 600 |
0 |
0 |
|a Frederick
|b II,
|c King of Prussia,
|d 1712-1786.
|
| 600 |
0 |
0 |
|a Napoleon
|b I,
|c Emperor of the French,
|d 1769-1821.
|
| 650 |
|
0 |
|a Strategy.
|
| 740 |
0 |
|
|a Mobile warfare.
|
| 999 |
|
|
|a MARS
|
| 999 |
f |
f |
|s 86a3b8e8-7385-3e0b-9cbc-fec9f55798a0
|i 4b8dd275-a6e1-3c61-afc6-e092ebeadf95
|t 0
|
| 952 |
f |
f |
|p ric
|a Texas A&M University
|b Rellis Campus
|c Joint Library Facility
|d Remote Storage
|t 0
|e U163 .C6
|h Library of Congress classification
|i unmediated -- volume
|m A14800805465
|
| 952 |
f |
f |
|p noncirc
|a Texas A&M University
|b College Station
|c Cushing Memorial Library & Archives
|d Cushing: Ragan Military (Does not check out)
|t 0
|e U163 .C6
|h Library of Congress classification
|i unmediated -- volume
|
| 998 |
f |
f |
|a U163 .C6
|t 0
|l Cushing: Ragan Military (Does not check out)
|
| 998 |
f |
f |
|a U163 .C6
|t 0
|l Remote Storage
|